<?xml version="1.0" encoding="UTF-8"?>
<record
    xmlns:xsi="http://www.w3.org/2001/XMLSchema-instance"
    xsi:schemaLocation="http://www.loc.gov/MARC21/slim http://www.loc.gov/standards/marcxml/schema/MARC21slim.xsd"
    xmlns="http://www.loc.gov/MARC21/slim">

  <leader>02271nam a2200433 u 4500</leader>
  <controlfield tag="001">910903</controlfield>
  <controlfield tag="005">20260506154456.0</controlfield>
  <controlfield tag="008">050224s1990                        spa  </controlfield>
  <datafield tag="020" ind1=" " ind2=" ">
    <subfield code="a">842062635X</subfield>
  </datafield>
  <datafield tag="035" ind1=" " ind2=" ">
    <subfield code="a">910903</subfield>
  </datafield>
  <datafield tag="035" ind1=" " ind2=" ">
    <subfield code="a">(OCoLC)777892643</subfield>
  </datafield>
  <datafield tag="040" ind1=" " ind2=" ">
    <subfield code="c">comduadb</subfield>
  </datafield>
  <datafield tag="041" ind1=" " ind2=" ">
    <subfield code="a">spa</subfield>
  </datafield>
  <datafield tag="082" ind1=" " ind2="4">
    <subfield code="a">301</subfield>
  </datafield>
  <datafield tag="100" ind1="1" ind2="0">
    <subfield code="a">Giddens, Anthony</subfield>
    <subfield code="4">aut</subfield>
    <subfield code="0">(viaf)108178108</subfield>
    <subfield code="e">aut</subfield>
    <subfield code="9">267995</subfield>
  </datafield>
  <datafield tag="245" ind1="1" ind2="3">
    <subfield code="a">La teor&#xED;a social hoy</subfield>
  </datafield>
  <datafield tag="250" ind1=" " ind2=" ">
    <subfield code="a">1. edici&#xF3;n</subfield>
  </datafield>
  <datafield tag="260" ind1=" " ind2=" ">
    <subfield code="a">Barcelona :</subfield>
    <subfield code="b">Alianza Editorial,</subfield>
    <subfield code="c">1990.</subfield>
  </datafield>
  <datafield tag="300" ind1=" " ind2=" ">
    <subfield code="a">537 p&#xE1;ginas :</subfield>
    <subfield code="b">ilustraciones.</subfield>
  </datafield>
  <datafield tag="490" ind1="0" ind2=" ">
    <subfield code="a">Alianza Universidad : Ciencias Sociales ;</subfield>
    <subfield code="v">635</subfield>
  </datafield>
  <datafield tag="500" ind1=" " ind2=" ">
    <subfield code="a">Primera reimpresi&#xF3;n 1998. -- Tercera reimpresi&#xF3;n 2001.</subfield>
  </datafield>
  <datafield tag="505" ind1=" " ind2=" ">
    <subfield code="a">CONTENIDO : Introducci&#xF3;n. -- La centralidad de los cl&#xE1;sicos. -- El conductismo y despu&#xE9;s el conductismo. -- Interaccionismo simb&#xF3;lico. -- Teor&#xED;a parsoniana actual: en busca de una nueva s&#xED;ntesis. -- Teorizar anal&#xED;tico. -- El estructuralismo, el post- estructuralismo y la producci&#xF3;n de la cultura. -- Etnometodolog&#xED;a. -- Teor&#xED;a de la estructuraci&#xF3;n y Praxis social. -- An&#xE1;lisis de los sistemas mundiales. -- An&#xE1;lisis de clases. -- Teor&#xED;a cr&#xED;tica. -- La sociolog&#xED;a y el m&#xE9;todo matem&#xE1;tico.</subfield>
  </datafield>
  <datafield tag="520" ind1="3" ind2=" ">
    <subfield code="a">La teor&#xED;a social ha sufrido grandes cambios en los &#xFA;ltimos quince a&#xF1;os. El resultado de tales cambios ha sido la proliferaci&#xF3;n de distintos enfoques te&#xF3;ricos. El objeto de este libro es ofrecer un examen sistem&#xE1;tico de los cambios que se han producido en las dos &#xFA;ltimas d&#xE9;cadas as&#xED; como una completa panor&#xE1;mica de las tendencias de pensamiento m&#xE1;s destacadas en la teor&#xED;a social, hoy.</subfield>
  </datafield>
  <datafield tag="650" ind1=" " ind2="7">
    <subfield code="a">Clases sociales</subfield>
    <subfield code="2">lemb</subfield>
    <subfield code="9">2106</subfield>
  </datafield>
  <datafield tag="650" ind1=" " ind2="7">
    <subfield code="a">Sociolog&#xED;a</subfield>
    <subfield code="2">lemb</subfield>
    <subfield code="9">112</subfield>
  </datafield>
  <datafield tag="650" ind1=" " ind2=" ">
    <subfield code="a">Teor&#xED;a social</subfield>
    <subfield code="9">9949</subfield>
  </datafield>
  <datafield tag="650" ind1=" " ind2=" ">
    <subfield code="a">Conductismo</subfield>
    <subfield code="9">38409</subfield>
  </datafield>
  <datafield tag="650" ind1=" " ind2="7">
    <subfield code="a">Interaccionismo simb&#xF3;lico</subfield>
    <subfield code="2">armarc</subfield>
    <subfield code="9">68208</subfield>
  </datafield>
  <datafield tag="650" ind1=" " ind2="7">
    <subfield code="a">Estructuralismo</subfield>
    <subfield code="2">embne</subfield>
    <subfield code="9">61814</subfield>
  </datafield>
  <datafield tag="650" ind1=" " ind2=" ">
    <subfield code="a">Postestructuralismo</subfield>
    <subfield code="9">46239</subfield>
  </datafield>
  <datafield tag="650" ind1=" " ind2="0">
    <subfield code="a">Etnometodolog&#xED;a</subfield>
    <subfield code="9">44964</subfield>
  </datafield>
  <datafield tag="650" ind1=" " ind2=" ">
    <subfield code="a">Teoria de la estructuracion</subfield>
    <subfield code="9">26377</subfield>
  </datafield>
  <datafield tag="650" ind1=" " ind2="7">
    <subfield code="a">Teor&#xED;a cr&#xED;tica</subfield>
    <subfield code="2">lemb</subfield>
    <subfield code="9">5291</subfield>
  </datafield>
  <datafield tag="650" ind1=" " ind2="0">
    <subfield code="a">Teor&#xED;a social</subfield>
    <subfield code="9">9949</subfield>
  </datafield>
  <datafield tag="650" ind1=" " ind2=" ">
    <subfield code="a">Ciencias sociales - Matematicas</subfield>
    <subfield code="9">41224</subfield>
  </datafield>
  <datafield tag="700" ind1="1" ind2="0">
    <subfield code="a">Turner, Jonathan</subfield>
    <subfield code="4">aut</subfield>
    <subfield code="e">aut</subfield>
    <subfield code="9">397915</subfield>
  </datafield>
  <datafield tag="700" ind1="1" ind2="0">
    <subfield code="a">Albor&#xE9;s, Jes&#xFA;s</subfield>
    <subfield code="4">trl</subfield>
    <subfield code="e">trl</subfield>
    <subfield code="9">518369</subfield>
  </datafield>
  <datafield tag="942" ind1=" " ind2=" ">
    <subfield code="c">BOOK</subfield>
  </datafield>
  <datafield tag="999" ind1=" " ind2=" ">
    <subfield code="c">342174</subfield>
    <subfield code="d">342174</subfield>
  </datafield>
  <datafield tag="952" ind1=" " ind2=" ">
    <subfield code="0">0</subfield>
    <subfield code="1">0</subfield>
    <subfield code="4">0</subfield>
    <subfield code="7">0</subfield>
    <subfield code="8">GEN</subfield>
    <subfield code="a">BC</subfield>
    <subfield code="b">BC</subfield>
    <subfield code="d">2008-02-08</subfield>
    <subfield code="e">Material adquirido por donaci&#xF3;n</subfield>
    <subfield code="i">C988924</subfield>
    <subfield code="l">0</subfield>
    <subfield code="o">301 T314</subfield>
    <subfield code="p">0720065</subfield>
    <subfield code="r">2023-04-26 00:00:00</subfield>
    <subfield code="t">1</subfield>
    <subfield code="w">2023-04-26</subfield>
    <subfield code="y">BOOK</subfield>
  </datafield>
  <datafield tag="952" ind1=" " ind2=" ">
    <subfield code="0">0</subfield>
    <subfield code="1">0</subfield>
    <subfield code="4">0</subfield>
    <subfield code="7">0</subfield>
    <subfield code="8">SEMIACTIVA</subfield>
    <subfield code="a">BC</subfield>
    <subfield code="b">BC</subfield>
    <subfield code="d">2005-02-24</subfield>
    <subfield code="e">Sileon info</subfield>
    <subfield code="g">186352.00</subfield>
    <subfield code="i">C857086</subfield>
    <subfield code="l">0</subfield>
    <subfield code="o">301 T314 e2</subfield>
    <subfield code="p">0544879</subfield>
    <subfield code="r">2023-04-26 00:00:00</subfield>
    <subfield code="t">2</subfield>
    <subfield code="w">2023-04-26</subfield>
    <subfield code="y">BOOK</subfield>
  </datafield>
  <datafield tag="952" ind1=" " ind2=" ">
    <subfield code="0">0</subfield>
    <subfield code="1">0</subfield>
    <subfield code="4">0</subfield>
    <subfield code="7">0</subfield>
    <subfield code="8">GENERAL</subfield>
    <subfield code="a">BYARU</subfield>
    <subfield code="b">BYARU</subfield>
    <subfield code="d">2007-11-22</subfield>
    <subfield code="e">CIS (Corporacion Interuniversitaria de Servicios)</subfield>
    <subfield code="g">213180.00</subfield>
    <subfield code="i">C973581</subfield>
    <subfield code="l">0</subfield>
    <subfield code="o">301/T314</subfield>
    <subfield code="p">0714364</subfield>
    <subfield code="r">2024-04-06 00:00:00</subfield>
    <subfield code="t">3</subfield>
    <subfield code="w">2023-04-26</subfield>
    <subfield code="y">BOOKR</subfield>
  </datafield>
  <datafield tag="952" ind1=" " ind2=" ">
    <subfield code="0">0</subfield>
    <subfield code="1">0</subfield>
    <subfield code="4">0</subfield>
    <subfield code="7">0</subfield>
    <subfield code="8">GEN</subfield>
    <subfield code="a">BC</subfield>
    <subfield code="b">BC</subfield>
    <subfield code="d">2017-08-03</subfield>
    <subfield code="e">Transferencia intrauniversitaria</subfield>
    <subfield code="g">226925.00</subfield>
    <subfield code="i">C1265964</subfield>
    <subfield code="l">0</subfield>
    <subfield code="o">301 T314 e3</subfield>
    <subfield code="p">1038489</subfield>
    <subfield code="r">2026-02-03 18:03:32</subfield>
    <subfield code="t">4</subfield>
    <subfield code="w">2023-04-26</subfield>
    <subfield code="y">BOOK</subfield>
  </datafield>
</record>
